ARRUPE JESUIT UNIVERSITY

CORONAVIRUS -STOP THE SPREAD - CLEAN,DISINFECT,COVER

In search of memory : (Record no. 130899)

MARC details
000 -LEADER
fixed length control field 01909cam a22004934a 4500
001 - CONTROL NUMBER
control field 14124259
003 - CONTROL NUMBER IDENTIFIER
control field ARRUPE
005 - DATE AND TIME OF LATEST TRANSACTION
control field 20211015110441.0
008 - FIXED-LENGTH DATA ELEMENTS--GENERAL INFORMATION
fixed length control field 050929s2006 nyua b 001 0aeng
010 ## - LIBRARY OF CONGRESS CONTROL NUMBER
LC control number 2005028565
016 7# - NATIONAL BIBLIOGRAPHIC AGENCY CONTROL NUMBER
Record control number 101273298
Source DNLM
020 ## - INTERNATIONAL STANDARD BOOK NUMBER
International Standard Book Number 0393058638
020 ## - INTERNATIONAL STANDARD BOOK NUMBER
International Standard Book Number 9780393058635
035 ## - SYSTEM CONTROL NUMBER
System control number (OCoLC)ocm61758023
040 ## - CATALOGING SOURCE
Original cataloging agency DLC
Transcribing agency DLC
Modifying agency YDX
-- BAKER
-- OCO
-- LMR
-- VP@
-- IXA
-- NLM
-- DLC
042 ## - AUTHENTICATION CODE
Authentication code pcc
043 ## - GEOGRAPHIC AREA CODE
Geographic area code n-us---
050 00 - LIBRARY OF CONGRESS CALL NUMBER
Classification number RC339.52.K362
Item number A3 2006
060 00 - NATIONAL LIBRARY OF MEDICINE CALL NUMBER
Classification number 2006 D-933
060 10 - NATIONAL LIBRARY OF MEDICINE CALL NUMBER
Classification number WZ 100
Item number K163 2006
082 00 - DEWEY DECIMAL CLASSIFICATION NUMBER
Classification number 616.80092
-- B
Edition number 22
300 ## - PHYSICAL DESCRIPTION
Other physical details ill. ;
Dimensions 24 cm.
100 1# - MAIN ENTRY--PERSONAL NAME
Personal name Kandel, Eric R.
9 (RLIN) 14685
245 10 - TITLE STATEMENT
Title In search of memory :
Remainder of title the emergence of a new science of mind /
Statement of responsibility, etc Eric R. Kandel.
250 ## - EDITION STATEMENT
Edition statement 1st ed.
260 ## - PUBLICATION, DISTRIBUTION, ETC. (IMPRINT)
Place of publication, distribution, etc New York :
Name of publisher, distributor, etc W. W. Norton & Company,
Date of publication, distribution, etc c2006.
300 ## - PHYSICAL DESCRIPTION
Extent xv, 510 p. :
504 ## - BIBLIOGRAPHY, ETC. NOTE
Bibliography, etc Includes bibliographical references (p. 453-484) and index.
600 10 - SUBJECT ADDED ENTRY--PERSONAL NAME
Personal name Kandel, Eric R.
9 (RLIN) 14685
600 12 - SUBJECT ADDED ENTRY--PERSONAL NAME
Personal name Kandel, Eric R.
9 (RLIN) 14685
650 #0 - SUBJECT ADDED ENTRY--TOPICAL TERM
Topical term or geographic name as entry element Neurologists
Geographic subdivision United States
Form subdivision Biography.
9 (RLIN) 50516
650 #0 - SUBJECT ADDED ENTRY--TOPICAL TERM
Topical term or geographic name as entry element Medical scientists
Geographic subdivision United States
Form subdivision Biography.
9 (RLIN) 50517
650 #0 - SUBJECT ADDED ENTRY--TOPICAL TERM
Topical term or geographic name as entry element Nobel Prizes.
9 (RLIN) 7605
650 #0 - SUBJECT ADDED ENTRY--TOPICAL TERM
Topical term or geographic name as entry element Memory.
650 #0 - SUBJECT ADDED ENTRY--TOPICAL TERM
Topical term or geographic name as entry element Neurobiology.
9 (RLIN) 50518
650 #0 - SUBJECT ADDED ENTRY--TOPICAL TERM
Topical term or geographic name as entry element Cellular signal transduction.
9 (RLIN) 50519
650 12 - SUBJECT ADDED ENTRY--TOPICAL TERM
Topical term or geographic name as entry element Neurobiology
Geographic subdivision United States
Form subdivision Personal Narratives.
9 (RLIN) 50520
650 22 - SUBJECT ADDED ENTRY--TOPICAL TERM
Topical term or geographic name as entry element History, 20th Century
Geographic subdivision United States
Form subdivision Personal Narratives.
9 (RLIN) 50521
650 22 - SUBJECT ADDED ENTRY--TOPICAL TERM
Topical term or geographic name as entry element Neurosciences
General subdivision history
Geographic subdivision United States
Form subdivision Personal Narratives.
9 (RLIN) 50522
650 22 - SUBJECT ADDED ENTRY--TOPICAL TERM
Topical term or geographic name as entry element Nobel Prize
Geographic subdivision United States
Form subdivision Personal Narratives.
9 (RLIN) 50523
856 41 - ELECTRONIC LOCATION AND ACCESS
Materials specified Table of contents only
Uniform Resource Identifier <a href="http://www.loc.gov/catdir/toc/ecip061/2005028565.html">http://www.loc.gov/catdir/toc/ecip061/2005028565.html</a>
906 ## - LOCAL DATA ELEMENT F, LDF (RLIN)
a 7
b cbc
c orignew
d 1
e ecip
f 20
g y-gencatlg
942 ## - ADDED ENTRY ELEMENTS (KOHA)
Source of classification or shelving scheme Library of Congress Classification
Koha item type Monograph ( Printed materials)
Holdings
Withdrawn status Lost status Source of classification or shelving scheme Damaged status Not for loan Collection code Home library Current library Shelving location Date acquired Total Checkouts Full call number Barcode Date last seen Price effective from Koha item type
    Library of Congress Classification     Main Collection ARRUPE LIBRARY ARRUPE LIBRARY Main Collection 15/10/2021   RC339.52.K362 A3 2006 46600007183 15/10/2021 15/10/2021 Monograph ( Printed materials)

 

Arrupe Library. PO Box MP320 Mt Pleasant, Harare, Zimbabwe
263 242 745411|librarian@aju.ac.zw